| 000 | 00331nam a2200133Ia 4500 | ||
|---|---|---|---|
| 005 | 20251222144731.0 | ||
| 008 | 251222s9999||||xx |||||||||||||| ||spa|| | ||
| 020 | _a956-14-0752-3 | ||
| 082 | _a240.4/H96 | ||
| 100 | _aHurtado Cruchaga, Alberto | ||
| 245 | 0 | _aMoral Social | |
| 264 | _bUniversidad Católica de Chile | ||
| 942 | _cLIB | ||
| 999 |
_c18596 _d18596 |
||